000
00259nam a2200109 a 4500
005
20201002053328.0
008
180412s2016 000 spa d
020
_a
9789945123814
245
0
_a
English I :.
260
_a
Santo Domingo,
_c
2016.
999
_c
46551
_d
46551
040
_a
DO-SdBNP